=LDR 00000nam 2200000 4500 =001 INLIS000000000028940 =005 20130612131217 =008 ***********************************Ind** =035 ##$$0010-061300000028940 =041 ##$$a Ind =082 ##$$a 621.31 =090 ##$$a 621.31, Ste a =100 ##$$a Stevensen =245 ##$$a Analisis sistem tenaga listrik, William D =260 ##$$a 1993 $b Jakarta =300 ##$$a 405 hlm, 21cm =650 ##$$a Tenaga listrik =850 ##$$a NBPNMAT